Sankirna turan (Record no. 3385)

MARC details
000 -LEADER
fixed length control field 00518cam a2200217ua 4500
001 - CONTROL NUMBER
control field 3546
005 - DATE AND TIME OF LATEST TRANSACTION
control field 20260515113710.0
008 - FIXED-LENGTH DATA ELEMENTS--GENERAL INFORMATION
fixed length control field 111118n ii |||gr||||Z||||||asm
020 ## - INTERNATIONAL STANDARD BOOK NUMBER
International Standard Book Number 81-86494-52-9
040 ## - CATALOGING SOURCE
Transcribing agency MAIN
082 ## - DEWEY DECIMAL CLASSIFICATION NUMBER
Classification number 843
100 ## - MAIN ENTRY--PERSONAL NAME
Personal name Gide, Andra,
245 11 - TITLE STATEMENT
Title Sankirna turan
Statement of responsibility, etc. by Andre Gide
250 ## - EDITION STATEMENT
Edition statement 1st.
260 ## - PUBLICATION, DISTRIBUTION, ETC.
Place of publication, distribution, etc. Guwahati:
Name of publisher, distributor, etc. Students stores,997.
300 ## - PHYSICAL DESCRIPTION
Extent 129p:
Dimensions 23cm.
653 ## - INDEX TERM--UNCONTROLLED
Uncontrolled term France novel
653 ## - INDEX TERM--UNCONTROLLED
Uncontrolled term Sankirna turan
700 ## - ADDED ENTRY--PERSONAL NAME
Personal name Baruah, Prity,
Relator term Translator.,
942 ## - ADDED ENTRY ELEMENTS (KOHA)
Koha item type Books
Holdings
Withdrawn status Lost status Damaged status Not for loan Home library Current library Shelving location Date acquired Total checkouts Full call number Barcode Date last seen Copy number Price effective from Koha item type
        Naharkatiya College Library Naharkatiya College Library General stacks 09/19/2020   843 | GID 10445 09/19/2020 1 09/19/2020 Books